000 00376nam a2200145Ia 4500
005 20250729165731.0
008 250729s2011 xx 000 0 und d
041 _aeng
082 _a370.15 SALM
100 _aSalahuddin Ahmed
_9231687
245 _aMuslims Life in the Present
260 _aNewdelhi
_bA P H PUBLISHING
_c2011
300 _a121p
650 _aEducation
_9231688
999 _c239406
_d239406